| 000 | 00967nam a2200289 a 4500 | ||
|---|---|---|---|
| 001 | 000109921 | ||
| 003 | CHAP | ||
| 005 | 20220329144109.0 | ||
| 008 | 140609s2012 mx a |rm |0|||||spa|d | ||
| 010 | _a106383 | ||
| 011 | _a107355 | ||
| 040 | _cCHAP | ||
| 090 | _aTesis | ||
| 100 | 1 |
_aEsteban Dorantes, Antelma _9127274 |
|
| 245 | 1 | 0 |
_aEvaluación de cuatro niveles de inclusión del fruto de parota (Enterolobium cyclocarpum) en la alimentación de caprinos en crecimiento / _cpor Antelma Esteban Dorantes. |
| 260 |
_aCocula, Gro. : _bEl autor, _c2012. |
||
| 300 |
_avi, 51 h. : _bil. |
||
| 502 | _aTesis (Ing. Agr. Zootecnista) -- CSAEGRO | ||
| 590 |
_aE792CSJ _b05 _c20140609 _lUCH01 _h1110 |
||
| 650 | 1 | 4 |
_aAlimentos y alimentación del ganado _94326 |
| 650 | 1 | 4 |
_aEnterolobium cyclocarpum. _937109 |
| 650 | 1 | 4 |
_aGanado cabrío _xAlimentación. _944990 |
| 650 | 1 | 4 |
_aGanado cabrío _xCrecimiento. _945000 |
| 901 | _aBK | ||
| 942 | _cTESIS | ||
| 942 | _n0 | ||
| 999 |
_c106383 _d106383 |
||